000 01343nmc a2200445 a 4500
003 AR-BaBNM
005 20251128204214.0
008 011101s1991 ||||||||||||||000 | spa||
020 _a950-582-305-3
040 _cAR-BaBNM
245 1 0 _aEl analfabetismo funcional
_bun nuevo punto de partida
260 _aBuenos Aires
_bHumanitas
_bOEI
_bSociedad Estatal Quinto Centenario
_c1991
300 0 _a206 p.
490 0 _aBiblioteca de educación de adultos
_vv. 3
500 0 _aContiene referencias bibliográficas al final de cada parte
650 4 _aANALFABETISMO FUNCIONAL
650 4 _aEDUCACION DE ADULTOS
650 4 _aDESARROLLO CULTURAL
650 4 _aDESARROLLO SOCIAL
650 4 _aDESARROLLO ECONOMICO
650 4 _aFORMACION PROFESIONAL
650 4 _aUNIVERSIDADES
651 4 _aEspaña
651 4 _aAmérica Latina
653 _aINTERACCION EDUCATIVA
653 _aEDUCACION POPULAR
700 1 _aLondoño, Luis Oscar
_ecompilador
700 1 _aArrien, Juan B.
700 1 _aBenavides, Luis
700 1 _aBrusa, Alberto
700 1 _aBurrows, Fernando
700 1 _aContreras, Luis
700 1 _aRiva, Fernando de la
700 1 _aMauricio, Conrado
700 1 _aPicón, César
700 1 _aSaleme de Burnichón, María Esther
700 1 _aYañez, Consuelo
942 _cBK
998 _cSILVI
999 _c6592
_d6592